Filosofía de la psicología /

Guardado en:
Detalles Bibliográficos
Autor principal: Bunge, Mario (autor)
Otros autores: Ardila, Rubén (autor) (autor)
Formato: Libro
Idioma:Español
Publicado: México : Siglo XXI, 2002, c2002
Edición:Edición corregida
Colección:(Filosofía Siglo XXI)
Temas:
Etiquetas: Agrega una etiqueta
Sin etiquetas, Sé el primero en etiquetar este registro!

MARC

LEADER 00000nam^a2200000^a^4500
001 000143849
005 20250521000000.0
009 20260526124257.583
020 |a 968-23-2325-8 
037 |a Acervo ITESO - Biblioteca 
041 |a ESP 
082 |a 150. 1  |b BUN 
100 |a Bunge, Mario  |e (autor) 
245 1 0 |a Filosofía de la psicología /  |c M. Bunge, R. Ardila ; tr. por Marco Aurelio Galmarini. 
250 |a Edición corregida 
264 4 |a México :  |b Siglo XXI,  |c 2002, c2002 
300 |a 334 p. 
336 |a texto  |b txt  |2 rdacontenido 
337 |a sin mediación  |b n  |2 rdamedio 
338 |a volumen  |b nc  |2 rdasoporte 
440 1 |a (Filosofía Siglo XXI) 
500 |a Traducción de: Philosophy of Psychology 
586 |a Premio Príncipe de Asturias de Comunicación y Humanidades 1982 
649 |a XX 
650 |a Conducta 
650 |a Conductismo 
650 |a Psicología Cognitiva 
650 |a Alma y Cuerpo 
650 |a Neurobiología 
650 |a Neurociencias 
650 |a Psicología Fisiológica 
650 |a Psicología Social 
650 |a Psicología -  |x Metodología 
650 |a Psicología -  |x Teoría 
650 |a Psicología -  |x Filosofía -  |x Tema Principal 
650 |a Epistemología 
650 |a Filosofía del Conocimiento 
650 |a Filosofía del Siglo XX 
650 |a Filosofía Canadiense 
700 |a Ardila, Rubén  |e (autor) 
910 |a Fondo General 
920 |a Impresos - Libros 
930 |a Colección General 
905 |a 101 
901 |a 0500073125  |b IT1  |c ACC  |u 20250521 
902 |a https://opac.biblio.iteso.mx/vufind/Record/000143849